Welches Lebensmittel hat mehr..? - Multiple Choice - Statistiken

Allgemein
  • Dieses Quiz wurde 66 mal gespielt
  • Das Durchschnittsergebnis liegt bei 6 aus 10
Antwortstatistiken
Frage Antwort % Korrekt
Welches enthält mehr Ballaststoffe?
92%
Was hat mehr Antioxidantien?
78%
Welches hat mehr Vitamin K
73%
Was hat mehr Vitamin C?
71%
Welches hat mehr Zucker?
66%
Was ist der absolute Spitzenreiter als Zinkquelle?
61%
Was hat mehr Eiweiß pro 100g?
59%
Welches Lebensmittel ist eine gute Omega-3-Quelle?
58%
Welches Gemüse ist kaliumreicher?
54%
Was ist reicher an Omega-3-Fettsäuren?
25%
Keine übereinstimmenden Quizze gefunden
Verteilung der Resultate
Anzahl Personen mit jedem Resultat
Perzentil nach korrekt beantworteten Fragen
Ihre Resultats-Entwicklung
Sie haben dieses Quiz noch nicht gespielt